000 01119cam a2200289 a 4500
999 _c890
_d890
001 3544760
003 GZU
005 20200916092631.0
008 970922s1998 enkab b 001 0 eng
010 _a 97038506
020 _a0750623853 (pbk.)
040 _aDLC
_cDLC
_dDLC
050 0 0 _aG155
_bMID 1998
082 0 0 _a338.4/791
_221
100 1 _aMiddleton, Victor T. C.
245 1 0 _aSustainable tourism :
_ba marketing perspective /
_cVictor T.C. Middleton with Rebecca Hawkins.
260 _aOxford ;
_aWoburn, MA :
_bButterworth-Heinemann,
_c1998.
300 _axiv, 266 p. :
_bill., map ;
_c25 cm.
504 _aIncludes bibliographical references (p. [258]-262) and index.
650 0 _aEcotourism.
700 1 _aHawkins, Rebecca.
856 4 2 _3Publisher description
_uhttp://www.loc.gov/catdir/description/els032/97038506.html
856 4 1 _3Table of contents
_uhttp://www.loc.gov/catdir/toc/els032/97038506.html
906 _a7
_bcbc
_corignew
_d1
_eocip
_f19
_gy-gencatlg
942 _2lcc
_cBK
_h155
_iMID
_kG